Troy High School Baseball Legends - Statistics

General Stats
  • This quiz has been taken 2 times
  • The average score is 4 of 13
Answer Stats
Graduation Year Answer % Correct
2019 Cole Brogan
100%
1800 Heath Murray
100%
2013 Greg Johnson
50%
2007 Michael Ojeda
50%
2011 Nathan Helke
50%
2016 Austin Barney
0%
2015 Colin Moeller
0%
2017 Hayden Kotwica
0%
2019 Jacob Adams
0%
2018 Jake Daniel
0%
2010 Matt Powell
0%
2015 Trenton Wood
0%
2015 Zach Kendall
0%
No matching quizzes found
Score Distribution
Percent of People with Each Score
Percentile by Number Answered
Your Score History
You have not taken this quiz